Brassica taxonomy based on nuclear RFLP (Record no. 54921)

MARC details
000 -LEADER
fixed length control field 00363nam a2200145Ia 4500
100 ## - MAIN ENTRY--AUTHOR NAME
Personal name Song KM
245 #0 - TITLE STATEMENT
Title Brassica taxonomy based on nuclear RFLP
260 ## - PUBLICATION, DISTRIBUTION, ETC. (IMPRINT)
Name of publisher Theoretical and Applied Genetics
Year of publication 1988
300 ## - PHYSICAL DESCRIPTION
Number of Pages 593-600
650 ## - SUBJECT ADDED ENTRY--TOPICAL TERM
Topical Term RFLP
700 ## - ADDED ENTRY--PERSONAL NAME
Personal name Osborn T C
700 ## - ADDED ENTRY--PERSONAL NAME
Personal name Williams P H
942 ## - ADDED ENTRY ELEMENTS (KOHA)
Koha item type Journals
Holdings
Withdrawn status Lost status Damaged status Not for loan Home library Current library Date acquired Serial Enumeration / chronology Koha item type
      Journals RRII Library RRII Library 17/12/2021 Volume 76, Issue 4 Journals